Cumhuriyetin 50.yılına armağan (Record no. 266)

MARC details
000 -BAŞLIK
Sabit Uzunlukta Kontrol Alanı 00914na a2200265 4500
001 - KONTROL NUMARASI
Denetim Alanı 15525
003 - KONTROL NUMARASI IDENTIFIER
Denetim Alanı MIRAKIL
005 - SON İŞLEM TARİHİ VE ZAMANI
Denetim Alanı 20181213154741.0
008 - SABİT-BOY VERİ ELEMANLARI - GENEL BİLGİLER
Sabit Uzunlukta Kontrol Alanı 161018b tu 000 0
035 ## - SİSTEM KONTROL NUMARASI
Sistem Kontrol Numarası 15525
040 ## - KATALOGLAMA KAYNAK
Orijinal Kataloglama Ajansı Milas
Kataloglama Dili tur
Metne Dönüştürmek Ajansı TR-AnCHP
041 ## - DİL KODU
Metin / Ses Parça Veya Ayrı Başlığın Dil Kodu tur
082 ## - DEWEY ONLU SINIFLANDIRMA NUMARASI
Sınıflandırma Numarası 956.102
Ürün Numarası T96 1973
090 ## - SINIFLAMA NUMARASI
Sınıflama Numarası 956.102 T96 1973
110 ## - ANA GİRİŞ - KURUMSAL ADI
Giriş Elemanı Olarak Kurumsal Ad Veya Yargı Alanı Adı Türk Kültürünü Araştırma Enstitüsü
245 ## - BAŞLIK TABLOSU
Başlık Cumhuriyetin 50.yılına armağan
Sorumluluk Tablosu, Vb yayına hazırlayan Türk Kültürünü Araştırma Enstitüsü
246 ## - UNVAN FORM VARYING
Başlık Doğru / Kısa Başlığı Armağan kitap
260 ## - YAYIN, DAĞITIM, VB
Yayın, Dağıtım, Vb Yeri Ankara
Yayıncı, Dağıtıcı, Vs Adı Türk Kültürünü Araştırma Enstitüsü Yayınları
Yayın, Dağıtım, Vb Tarihi 1973
300 ## - FİZİKSEL TANIM
Kapsam 238 s.
Boyutlar 24 sm.
490 ## - SERİSİ TABLOSU
Seri Beyanı Türk Kültürünü Araştırma Enstitüsü yayınları
Hacim / Ardışık Tanımı 41 Seri: 1-Sayı: A3
650 ## - KONU KATMA GİRİŞ - TOPİKAL DÖNEM
Topikal Süreli Veya Coğrafi Ad Giriş Elemanı Türk tarihi
Genel Alt Bölümü Cumhuriyet Dönemi
650 ## - KONU KATMA GİRİŞ - TOPİKAL DÖNEM
Topikal Süreli Veya Coğrafi Ad Giriş Elemanı Cumhuriyet, 50 Yıl
Genel Alt Bölümü Armağan kitaplar
651 ## - KONU KATMA GİRİŞ - COĞRAFİ ADI
Coğrafi İsim Türkiye
Genel Alt Bölümü Tarih
Kronolojik Alt Bölümü Armağan kitaplar
942 ## - EKLENDİ GİRİŞ ELEMANLARI (KOHA)
Sınıflandırma Veya Raf Düzeni Kaynak Dewey Decimal Classification
Koha Öğesi Türü Books
999 ## - SİSTEM KONTROL NUMARALARI (KOHA)
Koha Biblionumber 266
Koha Biblioitemnumber 266
Holdings
Kalıcı Konum Mevcut Konum Edinme Tarihi Edinim Kaynak Toplam Check-Out'Lar Tam Çağrı Numarası Barkod Tarih Son Görülme İtibaren Geçerli Fiyatlar Koha Öğesi Türü
CHP Kütüphanesi CHP Kütüphanesi 09/13/2016 Bağış   956.102 T96 1973 003481 09/13/2016 09/13/2016 Books